| 000 | 00359nam a2200145Ia 4500 | ||
|---|---|---|---|
| 008 | 230711s9999||||xx |||||||||||||| ||und|| | ||
| 041 | _aENG | ||
| 082 |
_a621 _bKA-E |
||
| 100 | _aKalsi,P.S | ||
| 245 | 0 | _aElectronic instrumentation | |
| 250 | _a1st Ed. | ||
| 260 |
_c2002 _aNew Delhi _bISTE Learing Material |
||
| 650 | _aElectronics Engineering | ||
| 942 | _cBK | ||
| 999 |
_c4000 _d4000 |
||